Normal view
MARC view
- Langefors, U.
Entry Personal Name
001 - CONTROL NUMBER
- control field: 26994
003 - CONTROL NUMBER IDENTIFIER
- control field: NUST
005 - DATE AND TIME OF LATEST TRANSACTION
- control field: 20191216111923.0
008 - FIXED-LENGTH DATA ELEMENTS
- fixed length control field: 191216|| aca||aabn | a|a d
040 ## - CATALOGING SOURCE
- Original cataloging agency: NUST
- Transcribing agency: NUST
100 ## - HEADING--PERSONAL NAME
- Personal name: Langefors, U.
670 ## - SOURCE DATA FOUND
- Source citation: Work cat.: (NUST)0: Langefors, U., The modern technique of rock blasting /, c1978.
